书目信息 |
| 题名: |
编译原理
|
|
| 作者: | 胡延忠 , 刘建舟 , 林姗 主编 | |
| 分册: | ||
| 出版信息: | 武汉 华中科技大学出版社 2007.07 |
|
| 页数: | 186页 | |
| 开本: | 23cm | |
| 丛书名: | 21世纪高等院校计算机系列教材 | |
| 单 册: | ||
| 中图分类: | TP314 | |
| 科图分类: | ||
| 主题词: | 编译程序--bian yi cheng xu--高等学校--教材 | |
| 电子资源: | ||
| ISBN: | 978-7-5609-4077-9 | |
| 000 | 01062nam 2200289 450 | |
| 001 | 012008084408 | |
| 005 | 20080603100213.72 | |
| 010 | @a978-7-5609-4077-9@dCNY18.00 | |
| 100 | @a20080603d2007 em y0chiy0120 ea | |
| 101 | 0 | @achi |
| 102 | @aCN@b420000 | |
| 105 | @aa a 000yy | |
| 106 | @ar | |
| 200 | 1 | @a编译原理@Abian yi yuan li@f胡延忠, 刘建舟, 林姗主编@Fhu yan zhong,liu jian zhou,lin shan zhu bian |
| 210 | @a武汉@c华中科技大学出版社@d2007.07 | |
| 215 | @a186页@c图@d23cm | |
| 225 | 2 | @a21世纪高等院校计算机系列教材@A21 shi ji gao deng yuan xiao ji suan ji xi lie jiao cai |
| 320 | @a有书目 | |
| 330 | @a本书系统地介绍程序语言编译程序的构造方法,内容涉及文法和语言、词法分析与有穷自动机、自顶向下分析、自底向上分析等。 | |
| 410 | 0 | @12001 @a21世纪高等院校计算机系列教材 |
| 606 | 0 | @a编译程序@Abian yi cheng xu@x高等学校@j教材 |
| 690 | @aTP314@v4 | |
| 701 | 0 | @a胡延忠@Ahu yan zhong@4主编 |
| 701 | 0 | @a刘建舟@Aliu jian zhou@4主编 |
| 701 | 0 | @a林姗@Alin shan@4主编 |
| 801 | 0 | @aCN@bQSSK@c20080603 |
| 905 | @b721383-85@dTP314@eH529@f3 | |
| 编译原理/胡延忠, 刘建舟, 林姗主编.-武汉:华中科技大学出版社,2007.07 |
| 186页:图;23cm.-(21世纪高等院校计算机系列教材) |
| ISBN 978-7-5609-4077-9:CNY18.00 |
| 本书系统地介绍程序语言编译程序的构造方法,内容涉及文法和语言、词法分析与有穷自动机、自顶向下分析、自底向上分析等。 |
| ● |
| 相关链接 |
|
|
|
正题名:编译原理
索取号:TP314/H529
 
预约/预借
| 序号 | 登录号 | 条形码 | 馆藏地/架位号 | 状态 | 备注 |
| 1 | 721383 | 207213834 | 自科二线504/504自科库 2排1列1层/ [索取号:TP314/H529] | 在馆 | |
| 2 | 721384 | 207213843 | 自科二线504/504自科库 2排1列1层/ [索取号:TP314/H529] | 在馆 | |
| 3 | 721385 | 207213852 | 自科二线504/504自科库 2排1列1层/ [索取号:TP314/H529] | 在馆 |